000 00563nam a2200193Ia 4500
999 _c42548
_d42548
003 GCL
005 20240530103808.0
008 140319s9999 xx 000 0 ara d
040 _aGCL /
_cGCL
082 0 4 _a191
_bم ا
100 1 _aماركوز ، هربارت
245 1 0 _aالانسان ذو البعد الواحد /
_cماركوز ، هربارت
300 _a271
490 _aكتاب
_v0
650 0 4 _aالفلسفة العربية
650 0 4 _aالفلسفة الحديثة
700 1 _aجورج طرابيشى (مترجم)
942 _2ddc
_cBK